Škola architektúry
Guardado en:
| Autor principal: | |
|---|---|
| Otros Autores: | |
| Formato: | Manuscrito Libro |
| Lenguaje: | eslovaco |
| Publicado: |
2025
|
| Materias: | |
| Acceso en línea: | http://is.stuba.sk/zp/portal_zp.pl?podrobnosti=185323 |
| Etiquetas: |
Sin Etiquetas, Sea el primero en etiquetar este registro!
|
MARC
| LEADER | 00000ntm a22000003a 4500 | ||
|---|---|---|---|
| 001 | stuzp105209 | ||
| 003 | SK-STU | ||
| 005 | 20250607211304.7 | ||
| 007 | ta | ||
| 008 | 150427s2015----xo-----f-mn---000-0-slo-d | ||
| 040 | |a STU |b slo | ||
| 041 | 0 | |a slo | |
| 100 | 1 | |a Rafajová, Hana |u 052120 |4 aut |U FAD Fakulta architektúry a dizajnu |T FAD Ústav ekologickej a experimentálnej architektúry |X 103565 |U A2120 |Y 393 |7 103565 | |
| 242 | 0 | 1 | |a School of architecture |y eng |
| 245 | 1 | 0 | |a Škola architektúry |
| 260 | |c 2025 | ||
| 650 | 4 | |a conversion |2 eng | |
| 650 | 4 | |a education |2 eng | |
| 650 | 4 | |a New market hall |2 eng | |
| 650 | 4 | |a school of architecture |2 eng | |
| 650 | 4 | |a Ivan Matúšik |2 eng | |
| 650 | 4 | |a vzdelávanie |2 slo | |
| 650 | 4 | |a Ivan Matúšik |2 slo | |
| 650 | 4 | |a konverzia |2 slo | |
| 650 | 4 | |a Nová tržnica |2 slo | |
| 650 | 4 | |a škola architektúry |2 slo | |
| 700 | 1 | |a Šíp, Lukáš |u 052120 |k Z1 |4 ths |U FAD Fakulta architektúry a dizajnu |T FAD Ústav ekologickej a experimentálnej architektúry |X 29145 |U A2120 |Y 393 |7 A000029145 | |
| 856 | 4 | |u http://is.stuba.sk/zp/portal_zp.pl?podrobnosti=185323 | |